Szczegóły MARC21

Social market economy : an economic system for developing countries /

005 -DATA I CZAS OSTATNIEJ MODYFIKACJI [,]
    • @
    • pole kontrolne
    • 20140923092858.0
020 -Międzynarod. znormalizowany nr książki - ISBN [ , ]
    • a
    • Numer ISBN
    • 3883453722 Find
040 -Instytucja sporządzająca opis [ , ]
    • a
    • Instytucja, która sporządziła opis (NP)
    • SZCZ U
    • c
    • Instytucja, która sporządziła rekord (NP)
    • SZCZ U
    • d
    • Instytucja, która zmodyfikowała rekord (P)
    • SZCZ U/JŚ
041 -Język dokumentu [0, ]
    • a
    • Język tekstu (P)
    • angielski
044 -Kraj miejsca wydania [ , ]
    • a
    • Kraj miejsca wydania
    • Niemcy
942 -Rodzaj dokumentu [ , ]
    • c
    • Rodzaj dokumentu
    • Książka
245 -Strefa tytułu i oznaczenia odpowiedzialności [0,0]
    • a
    • Tytuł
    • Social market economy : Find
    • b
    • Ciąg dalszy tytułu (NP)
    • an economic system for developing countries / Find
    • c
    • Pozostałe elementy strefy tytułu i oznaczenia odpowiedzialności (NP)
    • Winfried Jung (ed.).
250 -Strefa wydania [ , ]
    • a
    • Oznaczenie wydania (NP)
    • 2nd enl. and rev. ed.
260 -Strefa adresu wydawniczego [ , ]
    • a
    • Miejsce wydania (P)
    • Sankt Augustin :
    • b
    • Nazwa wydawcy (P)
    • Academia Verlag Richarz,
    • c
    • Data wydania (P)
    • 1991.
300 -Strefa opisu fizycznego [ , ]
    • a
    • Określenie formy książki i/lub objętość (NP)
    • 218 s. ;
    • c
    • Format (NP)
    • 21 cm.
490 -Strefa serii i książki wielotomowej - forma nie do wyszukiwania [1, ]
    • a
    • Tytuł (P)
    • Working Papers of the International Institute / Internationales Institut Konrad-Adenauer-Stiftung Find
830 -Hasło dodatkowe serii i opisu książki wielotomowej - tytuł ujednolicony/tytuł [ ,0]
    • 9
    • KHW
    • 74034
    • a
    • Tytuł ujednolicony/tytuł (NP)
    • Working Papers of the International Institute - Konrad-Adenauer-Stiftung
080 -Uniwersalna Klasyfikacja Dziesiętna [ , ]
    • a
    • Symbol klasyfikacji
    • 330.162
    • 2
    • Identyfikator wydania tablic
    • UDC-P058
    • 9
    • UKD
    • 2950
    • b
    • Dopowiedzenie
    • Etyka gospodarcza. Etyka biznesu.
    • 4
    • UKD2
    • 7644
    • x
    • Poddział wspólny
    • =111
    • c
    • Dopowiedzenie poddz. wspólnego
    • =Język angielski.
080 -Uniwersalna Klasyfikacja Dziesiętna [ , ]
    • a
    • Symbol klasyfikacji
    • 330.342.172
    • 2
    • Identyfikator wydania tablic
    • UDC-P058
    • 9
    • UKD
    • 2966
    • b
    • Dopowiedzenie
    • Gospodarka rynkowa (wolnorynkowa).
980 -Symbol UKD [ , ]
    • a
    • UKD
    • 330.162:330.342.172]=111
700 -Hasło dodatkowe - nazwa osobowa [1, ]
    • a
    • Nazwa osobowa (NP)
    • Jung, Winfried. Find
    • 9
    • KHW
    • 74033
    • e
    • Określenie rodzaju współpracy
    • Red.
710 -Hasło dodatkowe - nazwa ciała zbiorowego [2, ]
    • 4
    • Kod relacji
    • pbl
    • 9
    • KHW
    • 74032
    • a
    • Nazwa ciała zbiorowego lub nazwa geograficzna jako pierwszy element (NP)
    • Academia Verlag Richarz.
920 -ISBN [ , ]
    • a
    • ISBN
    • 3-88345-372-2 Find
Sygnatura Numer inwentarzowy Status udost. Data inwentaryzacji Lokalizacja
 S.8087821997-09-18BE
FUNDACJA POLSKO-NIEMIECKAS.8088021997-09-18BE
FUNDACJA POLSKO-NIEMIECKAS.8088121997-09-18BE
FUNDACJA POLSKO-NIEMIECKAS.8088221997-09-18BE
FUNDACJA POLSKO-NIEMIECKAS.8088321997-09-18BE
FUNDACJA POLSKO-NIEMIECKAS.8088421997-09-18BE
FUNDACJA POLSKO-NIEMIECKAS.8088521997-09-18BE
FUNDACJA POLSKO-NIEMIECKAE.64759-21997-09-18BE
FUNDACJA POLSKO-NIEMIECKAS.80876-21997-09-18BE
FUNDACJA POLSKO-NIEMIECKAS.8087721997-09-18BE
FUNDACJA POLSKO-NIEMIECKAS.8087921997-09-18BE